000 01083naa a2200217 a 4500
001 79484)
003 BD-RjUL
005 20220303144534.0
008 220303s19481367ii ||||| |||| 00| 0 ar d
035 _a(BD-RjUL)79484)
040 _aBD-RjUL
_beng
_cBD-RjUL
041 _aara
082 _223
_a892.71
_bYAK 1948
100 1 _aيزيدي، محمد بن العباس،;; al-Yazīdī, Muḥammad ibn al-ʻAbbās
_d310ah=922ad
_91665
245 1 0 _aكتاب الامالي : فيها مراث واشعار اخرى واخبار ولغة وغيرها = Kitābul-Amālī : fīhā mirāth wa-ashʻār ukhrá wa-akhbar wa-lughah wa-ghayruhā /
_c عن ابي عبدالله محمد بن العباس بن محمد بن ابي محمد يحيى بن المبارك اليزيدي = Abu ʻAbdullāh Muḥammad B. al-ʻAbbās ibn Muḥammad ibn Abī Muḥammad Yaḥyá ibn al-Mubārak al-Yazīdī.
264 _aHyderabad :
_bthe dairatu'l - Ma'arifil - Osmania,
_c1948
300 _a158 +14 p. ;
_c23 cm
500 _aIncludes Index
650 _aArabic literature.
942 _2ddc
_cBK
999 _c79484
_d79484